000 01164 a2200241 4500
001 60053
005 20260407155852.0
008 260407a1976 arg spa d
003 AR-UNSa-BCEJYS
040 _aAR-UNSa-BCEJYS
_bspa
_cAR-UNSa-BCEJYS
080 _a342.4
_xConstituciones. Asambleas legislativas. Asambleas nacionales (Reforma...)
245 1 0 _aTeoría de la constitución
020 _a84-344-1792-8
250 _a2a. ed.
264 1 _aBarcelona :
_bAriel
_c1976
300 _a619 p.
_c20 cm.
505 _a1. Sobre la anatomía del proceso del poder político - 2. Sobre la anatomía del proceso gubernamental - 3. Los tipos de gobierno dela autocracia - 4. Los tipos de gobierno de la democracia constitucional - 5. La constitución - 6. Controles interórganos - 7. Controles interórganos entre el Parlamento y el gobierno - 8. Controles interórganos de los tribunales frente al gobierno y al parlamento - 9. Controles interórganos del electorado frente al gobierno y el parlamento -
041 _aspa
942 _cBK
590 _aniveau_biblio:m niveau_hierar:0
100 1 _aLoewenstein, Karl
700 1 _aGallego Anabitarte, Alfredo
999 _c6869
_d6869